000 01781cam a22004934i 4500
003 PE-LiUPU
005 20250731173139.0
008 150623s r 000 0 d
020 _a0801021480
035 _a(Sirsi) i9780801021480
040 _aPE-LiUPU
_bspa
_cPE-LiUPU
_erda
049 _aPRUA
082 0 4 _a270.609 73
_bR78
_221
245 0 0 _aReformed theology in America :
_ba history of its modern development /
_cDavid F. Wells, ed.
264 1 _aGrand Rapids, Michigan :
_bBaker Book House Company,
_c1998.
300 _a287 páginas :
_bilustraciones fotos ;
_c22 centímetros
336 _atext
_2rdacontent
337 _aunmediated
_2rdamedia
338 _avolume
_2rdacarrier
504 _aIncluye bibliografía.
505 0 _aThe princeton theology. Dutch reformed theology. Southern reformed theology.
526 _aSEG42
526 _aSEG41
526 _aSEG40
526 _aSEG39
526 _aP94
526 _aP87
526 _aP86
526 _aP85
526 _aP77
526 _aP76
526 _aP35
600 1 _aNicole, Roger R.
650 0 4 _aCalvinismo
_xEstados Unidos
_vHistoria.
650 0 4 _aIglesia Presbieriana
_zEstados Unidos
_xDoctrines
_vHistoria.
650 0 4 _aIglesia Reformada
_zEstados Unidos
_xDoctrines
_vHistoria.
700 1 _aWells, David F.,
_eed.
942 _2ddc
_cBOOK
949 _a270.609 73 R78
_wDEWEY
_c1
_i52400
_lCCODEBUL1
_mBUL
_p10.00
_r0
_sY
_tBOOK
_u2015-6-24
_xTEOLOGIA
_PP35
_0COMPRA
_o.STAFF. Colección General
994 _aC0
_bPEPRU
596 _a1
999 _a270.609 73 R78
_wDEWEY
_c34229
_i52400
_d34229
_f2021-11-11
_g6
_lCCODEBUL1
_mBUL
_p10.00
_q2
_r0
_sY
_tBOOK
_u2015-6-24
_xTEOLOGIA
_PP35
_0COMPRA
_o.STAFF. Colección General
980 _81
_gALBERTO SANCHEZ Responsable de Automatización